Normal view MARC view

Entry Topical Term

Number of records used in: 1

001 - CONTROL NUMBER

  • control field: 55618

003 - CONTROL NUMBER IDENTIFIER

  • control field: OSt

005 - DATE AND TIME OF LATEST TRANSACTION

  • control field: 20250724103422.0

008 - FIXED-LENGTH DATA ELEMENTS

  • fixed length control field: 250724|| aca||aabn | a|a d

040 ## - CATALOGING SOURCE

  • Original cataloging agency: OSt
  • Transcribing agency: OSt

150 ## - HEADING--TOPICAL TERM

  • Topical term or geographic name entry element: Telecommunications, Andaman and Nicobar Islands, Geopolitics, Information, flow, Fear/anxiety, Isolation.

670 ## - SOURCE DATA FOUND

  • Source citation: Work cat.: (OSt): Saxena, Medha 55617, Island networks: Telecommunications in the Andaman and Nicobar Islands in the early twentieth century

Powered by Koha